Lange Flash Cards (Record no. 16067)
[ view plain ]
| 000 -LEADER | |
|---|---|
| fixed length control field | 01076nkm a22002537a 4500 |
| 008 - FIXED-LENGTH DATA ELEMENTS--GENERAL INFORMATION | |
| fixed length control field | 110920s2010 nyu||||| |||| 001 0 eng d |
| 020 ## - INTERNATIONAL STANDARD BOOK NUMBER | |
| International Standard Book Number | 0071628797 |
| 020 ## - INTERNATIONAL STANDARD BOOK NUMBER | |
| International Standard Book Number | 9780071628792 |
| 082 ## - DEWEY DECIMAL CLASSIFICATION NUMBER | |
| Edition number | 22 |
| Classification number | 616.01 |
| Item number | SOM |
| 100 ## - MAIN ENTRY--PERSONAL NAME | |
| 9 (RLIN) | 27323 |
| Personal name | Somers, Kenneth D. |
| 245 ## - TITLE STATEMENT | |
| Title | Lange Flash Cards |
| Remainder of title | Microbiology & Infectious Diseases / |
| Statement of responsibility, etc | Kenneth D. Somers and Stephen A. Morse. |
| Medium | [flash card] : |
| 246 ## - VARYING FORM OF TITLE | |
| Title proper/short title | Microbiology & Infectious Diseases |
| 250 ## - EDITION STATEMENT | |
| Edition statement | 2nd ed. |
| 260 ## - PUBLICATION, DISTRIBUTION, ETC. (IMPRINT) | |
| Place of publication, distribution, etc | New York : |
| Name of publisher, distributor, etc | McGraw-Hill Medical, 2010. |
| Date of publication, distribution, etc | 2010 |
| 300 ## - PHYSICAL DESCRIPTION | |
| Extent | 200 flash cards : |
| Other physical details | double sided, col. ; |
| Dimensions | 11 x 16 cm. |
| 500 ## - GENERAL NOTE | |
| General note | Includes index |
| 650 ## - SUBJECT ADDED ENTRY--TOPICAL TERM | |
| 9 (RLIN) | 12324 |
| Topical term or geographic name as entry element | Medical microbiology |
| 650 ## - SUBJECT ADDED ENTRY--TOPICAL TERM | |
| 9 (RLIN) | 27321 |
| Topical term or geographic name as entry element | Medical microbiology |
| Form subdivision | Examinations, questions, etc. |
| 650 ## - SUBJECT ADDED ENTRY--TOPICAL TERM | |
| 9 (RLIN) | 27322 |
| Topical term or geographic name as entry element | Medical microbiology |
| Form subdivision | Outlines, syllabi, etc. |
| 653 ## - INDEX TERM--UNCONTROLLED | |
| Resource For college | |
| Arrived date list | September2011 |
| 700 ## - ADDED ENTRY--PERSONAL NAME | |
| 9 (RLIN) | 27324 |
| Personal name | Morse, Stephen A. |
| 942 ## - ADDED ENTRY ELEMENTS (KOHA) | |
| Source of classification or shelving scheme | Dewey Decimal Classification |
| Item type | Flash Cards (NB) |
| Withdrawn status | Item status | Source of classification or shelving scheme | Materials specified (bound volume or other part) | Damaged status | Not for loan | Vendor | Home library | Current library | Shelving location | Date acquired | Source of acquisition | Cost, normal purchase price | Serial Enumeration / chronology | Total Checkouts | Full call number | Barcode | Date last seen | Koha item type |
|---|---|---|---|---|---|---|---|---|---|---|---|---|---|---|---|---|---|---|
| Dewey Decimal Classification | Lost In Inventory_2015-8-23 | Baccah | Central Library | Central Library | First floor | 20/09/2011 | 209.70 | 143 | 616.01 SOM | 000024783 | 24/08/2022 | Flash Cards (NB) |